Statistics for Premier league 19/20 Quiz

Click here to take the quiz!

General Stats

  • This quiz has been taken 180 times
    (157 since last reset)
  • The average score is 4 of 7

Answer Stats

QuestionAnswer% Correct
Who Has Won A Champions LeagueAston Villa
92%
Who is the manager of Sheffield UtdChris Wilder
87%
Who Doesn’t Play In Premier LeagueKieran Trippier
77%
Who Plays in Premier LeagueEl Mohammedy
62%
Who is Number 10 of ChelseaHudson Odoi
50%
Who Plays For Man CityHumphreys Grant
44%
How Many 0-0 were there from Week 1 to Week 31
13%

Score Distribution

Percentile by Number Answered

Percent of People with Each Score

Your Score History

You have not taken this quiz since the last reset